Výročná správa o činnosti Spoločenstva čerpacích staníc PHM, LPG a CNG Slovenskej republiky za rok 2007
Uložené v:
| Hlavný autor: | |
|---|---|
| Médium: | Kniha |
| Jazyk: | Slovak |
| Vydavateľské údaje: |
Bratislava
Spoločenstvo čerpacích staníc PHM, LPG a CNG SR
2008
|
| Predmet: | |
| Tagy: |
Žiadne tagy, Buďte prvý, kto otaguje tento záznam!
|
MARC
| LEADER | 00000nam a2200000 4500 | ||
|---|---|---|---|
| 001 | 0149042 | ||
| 005 | 20240502072700.7 | ||
| 041 | 0 | |a slo | |
| 044 | |a SK | ||
| 245 | 1 | 0 | |a Výročná správa o činnosti Spoločenstva čerpacích staníc PHM, LPG a CNG Slovenskej republiky za rok 2007 |c Lujza Jurkovičová |
| 264 | 1 | |a Bratislava |b Spoločenstvo čerpacích staníc PHM, LPG a CNG SR |c 2008 | |
| 300 | |a 12 s. | ||
| 610 | 2 | 0 | |a palivá |
| 610 | 2 | 0 | |a palivá tekuté |
| 610 | 2 | 0 | |a priemysel palivovo-energetický |
| 610 | 2 | 0 | |a stanice čerpacie |
| 610 | 2 | 0 | |a benzín |
| 610 | 2 | 0 | |a nafta |
| 610 | 2 | 0 | |a biopalivá |
| 610 | 2 | 0 | |a Slovensko |
| 100 | 1 | |a Jurkovičová, Lujza | |